000 00687nam a2200289Ia 4500
005 20260324121905.0
008 008 260324s9999 xx 000 0 eng d
020 _a9781315231655
037 _aEBOOK
040 _aCRL
040 _beng
040 _cCRL
041 _2eng
041 _aeng
084 _qCRL
100 _aGerry Cox; Robert Stevenson
_91164274
245 0 _aFinal Acts
245 4 _bThe End of Life: Hospice and Palliative Care
260 _bTaylor and Francis
260 _c2013
365 _a
365 _b240
856 _uhttp://www.taylorfrancis.com/books/9781315231655
942 _cEBOOK
999 _c1756653
_d1756653